[Event "10eme Open International de La Fere"]
[Site "La Fere (FRA)"]
[Date "2011.07.04"]
[Round "3.7"]
[White "Galtier, Antoine"]
[Black "Safranska, Anda"]
[Result "0-1"]
[WhiteElo "1757"]
[BlackElo "2230"]
[PlyCount "44"]
[EventDate "2011.??.??"]

1. e4 Nf6 2. e5 Nd5 3. c4 Nb6 4. d4 d6 5. f4 dxe5 6. fxe5 Nc6 7. Nf3 Bg4 8. Be3
e6 9. Be2 Be7 10. O-O O-O 11. Nc3 f6 12. d5 Bxf3 13. Rxf3 Nxe5 14. Rg3 exd5 15.
cxd5 f5 16. Qb3 Bd6 17. Bg5 Qd7 18. Rc1 f4 19. Rh3 h6 20. Bxh6 gxh6 21. Rxh6 f3
22. Nb5 Qg7 0-1

[Event "10eme Open International de La Fere"]
[Site "La Fere (FRA)"]
[Date "2011.07.04"]
[Round "3.8"]
[White "Mancini, Mario"]
[Black "Londers, Jan"]
[Result "1-0"]
[WhiteElo "2213"]
[BlackElo "1877"]
[PlyCount "139"]
[EventDate "2011.??.??"]

1. d4 Nf6 2. c4 c5 3. d5 b5 4. Nf3 Bb7 5. a4 Qa5+ 6. Bd2 b4 7. Qc2 d6 8. e4
Nbd7 9. Be2 h6 10. O-O g5 11. Bc1 Bg7 12. Nbd2 O-O-O 13. Re1 Ng4 14. Nb3 Qc7
15. Nxg5 Nge5 16. Nf3 Nxf3+ 17. Bxf3 Rhg8 18. Bh5 Ne5 19. f4 Ng6 20. Be3 Bf6
21. Re2 Qd7 22. Kh1 e6 23. e5 Nh4 24. Rd1 dxe5 25. Nxc5 Qc7 26. Nxb7 Kxb7 27.
Qe4 Kb8 28. d6 Qb7 29. Qxb7+ Kxb7 30. Bxf7 Rgf8 31. Bxe6 exf4 32. Bd5+ Kc8 33.
Bxa7 Nf5 34. Bc5 Kd7 35. Be4 Ne3 36. Bxe3 fxe3 37. c5 Bd4 38. c6+ Kxd6 39. Rxe3
Kc7 40. Re2 Rf2 41. Rxf2 Bxf2 42. Rd7+ Kb6 43. Rb7+ Ka6 44. c7 Rc8 45. Rxb4
Rxc7 46. g3 Ka5 47. Rb7 Rxb7 48. Bxb7 Kxa4 49. Bd5 Bd4 50. b3+ Kb4 51. Kg2 Kc5
52. Bc4 Kd6 53. Kf3 Ke5 54. b4 Bb6 55. Kg4 Kf6 56. Kh5 Kg7 57. b5 Be3 58. h4
Bf2 59. g4 Be3 60. g5 hxg5 61. hxg5 Bd4 62. Kg4 Kg6 63. Bd3+ Kf7 64. Kf5 Be3
65. g6+ Ke7 66. Ke4 Bh6 67. Kd5 Kd7 68. Bf5+ Kc7 69. Ke6 Kb8 70. Bd3 1-0

[Event "10eme Open International de La Fere"]
[Site "La Fere (FRA)"]
[Date "2011.07.04"]
[Round "3.9"]
[White "Van Poucke, Philippe"]
[Black "Forthofer, Robert"]
[Result "0-1"]
[WhiteElo "1688"]
[BlackElo "2274"]
[PlyCount "100"]
[EventDate "2011.??.??"]

1. e4 Nf6 2. e5 Nd5 3. d4 d6 4. c4 Nb6 5. exd6 exd6 6. Bd3 Be7 7. Qc2 Nc6 8.
Be3 Nb4 9. Qd2 Nxd3+ 10. Qxd3 O-O 11. Ne2 Bg4 12. Nbc3 Bh5 13. Nf4 Bg6 14. Nxg6
hxg6 15. O-O Qd7 16. b3 Bf6 17. Ne4 Rfe8 18. Rac1 d5 19. Nxf6+ gxf6 20. c5 Nc8
21. Bh6 Ne7 22. Qf3 Qf5 23. Bf4 Nc6 24. Rfd1 Rac8 25. Qg3 Re4 26. Be3 Qd7 27.
Qf3 Qe6 28. Kf1 Re8 29. a3 Ne7 30. Rc3 Nf5 31. Rdd3 Nxd4 32. Qd1 Nb5 33. Rc1 c6
34. a4 Nc7 35. Bd2 Qf5 36. Rf3 Qe5 37. Rh3 d4 38. Qf3 Ne6 39. Qg3 Qxg3 40. Rxg3
Kg7 41. Rf3 Rd8 42. Rc4 Rd5 43. b4 Rde5 44. g3 Re2 45. Rd3 a6 46. h4 R2e4 47.
f3 Re2 48. Bf4 Re1+ 49. Kg2 R5e2+ 50. Kh3 Rh1+ 0-1

[Event "10eme Open International de La Fere"]
[Site "La Fere (FRA)"]
[Date "2011.07.04"]
[Round "3.10"]
[White "Llaneza Vega, Patricia"]
[Black "Rigolot, Lucie"]
[Result "0-1"]
[WhiteElo "2246"]
[BlackElo "1946"]
[PlyCount "76"]
[EventDate "2011.??.??"]

1. e4 c5 2. Nf3 d6 3. d4 cxd4 4. Nxd4 Nf6 5. Nc3 a6 6. Be3 e5 7. Nb3 Be7 8. f3
O-O 9. Qd2 Be6 10. O-O-O a5 11. Bb5 Nc6 12. Qf2 Qb8 13. Kb1 Na7 14. a4 Nxb5 15.
Nxb5 d5 16. Bc5 Re8 17. Bb6 dxe4 18. Nc7 exf3 19. gxf3 Nd7 20. Nxa8 Qxa8 21.
Nc5 Nxc5 22. Bxc5 Bxc5 23. Qxc5 Bf5 24. Rd2 h6 25. Re1 Qa6 26. f4 b6 27. Qc6
Rc8 28. Qd5 Rc5 29. Qd8+ Kh7 30. Rxe5 Qf1+ 31. Ka2 Bxc2 32. Rxc2 Rxc2 33. Re1
Qc4+ 34. Kb1 Rxh2 35. Qd1 Qxa4 36. Re2 Rxe2 37. Qxe2 Qxf4 38. Qd3+ f5 0-1

[Event "10eme Open International de La Fere"]
[Site "La Fere (FRA)"]
[Date "2011.07.04"]
[Round "3.11"]
[White "Pingue, Renaud"]
[Black "Henris, Luc"]
[Result "1-0"]
[WhiteElo "1989"]
[BlackElo "2189"]
[PlyCount "63"]
[EventDate "2011.??.??"]

1. e4 e5 2. Nf3 Nc6 3. Bc4 Nf6 4. d3 Bc5 5. c3 a6 6. Bb3 Ba7 7. Nbd2 O-O 8. O-O
d6 9. h3 Ne7 10. Nh4 Nd7 11. Nc4 Nc5 12. Bc2 Be6 13. Ne3 Nd7 14. d4 exd4 15.
cxd4 Bxd4 16. Nhf5 Ba7 17. Qg4 Ng6 18. h4 Bxe3 19. Bxe3 Nde5 20. Qg3 Bxf5 21.
exf5 Nxh4 22. f4 Nc6 23. Bf2 Nxf5 24. Bxf5 Qf6 25. Be4 Rfe8 26. Bxc6 bxc6 27.
Rad1 c5 28. Rd2 Reb8 29. b3 Rb4 30. Be1 Re4 31. Rd3 Qb2 32. Bc3 1-0

[Event "10eme Open International de La Fere"]
[Site "La Fere (FRA)"]
[Date "2011.07.04"]
[Round "3.12"]
[White "Schartz, Alain"]
[Black "Pretceille, Jeremie"]
[Result "1-0"]
[WhiteElo "2172"]
[BlackElo "1857"]
[PlyCount "73"]
[EventDate "2011.??.??"]

1. e4 c6 2. c4 e6 3. d4 d5 4. Nc3 Bb4 5. Bd3 Ne7 6. Nge2 c5 7. a3 cxd4 8. axb4
dxc3 9. bxc3 dxe4 10. Bxe4 Qxd1+ 11. Kxd1 Nd7 12. Be3 a6 13. f4 O-O 14. Kc2 e5
15. fxe5 Nxe5 16. Bd5 Bf5+ 17. Kb3 Nxd5 18. cxd5 Rfd8 19. Bd4 Ng6 20. c4 Be4
21. Rhg1 b5 22. Nc3 bxc4+ 23. Kxc4 Bf5 24. Ra5 Nf4 25. Bc5 Bd3+ 26. Kd4 Ne2+
27. Kxd3 Nxg1 28. Bxg1 f5 29. Bc5 Kf7 30. Kd4 Kf6 31. Ra1 g5 32. d6 f4 33. Nd5+
Kf7 34. Nc7 Rac8 35. Nxa6 Ke6 36. Re1+ Kd7 37. b5 1-0

[Event "10eme Open International de La Fere"]
[Site "La Fere (FRA)"]
[Date "2011.07.04"]
[Round "3.13"]
[White "Rouffignac, Tanguy"]
[Black "Vedovotto, Nicolas"]
[Result "1/2-1/2"]
[WhiteElo "1964"]
[BlackElo "2068"]
[PlyCount "215"]
[EventDate "2011.??.??"]

1. e4 Nc6 2. Nc3 e6 3. d4 d5 4. Nf3 Nf6 5. e5 Ne4 6. Bd3 f5 7. exf6 Nxf6 8. O-O
Bd6 9. Re1 O-O 10. Bg5 Nb4 11. Nb1 Nxd3 12. Qxd3 Qe8 13. Nbd2 Qh5 14. h3 Bd7
15. Qe3 h6 16. Bf4 Qg6 17. Ne5 Bxe5 18. Bxe5 Ne8 19. c3 Nd6 20. Qg3 Qxg3 21.
Bxg3 Rf5 22. Nf3 Rd8 23. Re2 Bc8 24. Ne5 g5 25. f3 Kg7 26. Rae1 c6 27. Nd3 b6
28. Bxd6 Rxd6 29. Re3 Rf7 30. a4 a6 31. a5 b5 32. Nc5 Kf6 33. Re5 Ke7 34. Kf2
Rf6 35. h4 g4 36. h5 Rd8 37. Ke3 gxf3 38. gxf3 Rg8 39. Re2 Rg3 40. Rf2 Kd6 41.
b4 Rf8 42. Nd3 Rg1 43. Nf4 Rf5 44. Rxf5 exf5 45. Rh2 Rg5 46. Nd3 Bd7 47. Nc5
Bc8 48. Kf4 Ke7 49. Re2+ Kd6 50. Re8 Kc7 51. Re7+ Kb8 52. Ke5 f4+ 53. Kxf4 Rxh5
54. Nd7+ Bxd7 55. Rxd7 Kc8 56. Rh7 Kd8 57. Kg4 Rg5+ 58. Kh4 Rf5 59. Rxh6 Rxf3
60. Rxc6 Kd7 61. Kg4 Re3 62. Rxa6 Rxc3 63. Rb6 Rc4 64. Rxb5 Rxd4+ 65. Kf5 Kc6
66. Rb6+ Kc7 67. Ke5 Rd1 68. Rb5 d4 69. Rc5+ Kb7 70. Rd5 d3 71. Ke4 d2 72. Ke3
Kc6 73. Rxd2 Rb1 74. Rd4 Kb5 75. Kd3 Rb3+ 76. Kc2 Ra3 77. Rd3 Ra4 78. Rb3 Ra2+
79. Kc3 Rh2 80. Kd4 Rh4+ 81. Kc3 Rh2 82. Rb2 Rh3+ 83. Kc2 Ra3 84. Kb1 Rh3 85.
Ka2 Rh1 86. Ka3 Ra1+ 87. Kb3 Ra4 88. Kc3 Ra3+ 89. Kd4 Rh3 90. Ra2 Rh4+ 91. Kd5
Rh5+ 92. Kd6 Rh6+ 93. Kc7 Rh7+ 94. Kd8 Rh8+ 95. Ke7 Rh7+ 96. Kf6 Rh6+ 97. Ke5
Rh5+ 98. Kf4 Rh7 99. Rb2 Rh4+ 100. Kg5 Rh8 101. Kf4 Rh4+ 102. Kg3 Rh8 103. Kg2
Rh6 104. Kg1 Re6 105. Rb3 Rc6 106. Kg2 Re6 107. Kf2 Rh6 108. Kg2 1/2-1/2

[Event "10eme Open International de La Fere"]
[Site "La Fere (FRA)"]
[Date "2011.07.04"]
[Round "3.14"]
[White "Feryn, Alexandre"]
[Black "Casier, Fabrice"]
[Result "1-0"]
[WhiteElo "2063"]
[BlackElo "1795"]
[PlyCount "37"]
[EventDate "2011.??.??"]

1. e4 b6 2. d4 Bb7 3. Bd3 e6 4. Qe2 g6 5. f4 Bg7 6. Nf3 Ne7 7. O-O O-O 8. c3 d6
9. Nbd2 c5 10. Kh1 cxd4 11. Nxd4 Nbc6 12. N2f3 Nxd4 13. cxd4 d5 14. e5 Rc8 15.
g4 Nc6 16. Bd2 Qe7 17. f5 exf5 18. gxf5 Nb4 19. f6 1-0

[Event "10eme Open International de La Fere"]
[Site "La Fere (FRA)"]
[Date "2011.07.04"]
[Round "3.15"]
[White "Obert, Julien"]
[Black "Thomas, Olivier"]
[Result "1/2-1/2"]
[WhiteElo "1792"]
[BlackElo "2035"]
[PlyCount "50"]
[EventDate "2011.??.??"]

1. e4 c5 2. Nf3 e6 3. d4 cxd4 4. Nxd4 Nf6 5. Nc3 Nc6 6. Ndb5 d6 7. Bf4 e5 8.
Bg5 a6 9. Na3 b5 10. Nd5 Be7 11. Bxf6 Bxf6 12. c3 Ne7 13. Nxe7 Bxe7 14. Nc2 Bb7
15. Bd3 d5 16. exd5 Bxd5 17. Ne3 Bb7 18. O-O O-O 19. Qc2 g6 20. Rad1 Qc7 21.
Be4 Rad8 22. Nd5 Bxd5 23. Bxd5 Kg7 24. Qe2 Bf6 25. Bb3 Rxd1 1/2-1/2

[Event "10eme Open International de La Fere"]
[Site "La Fere (FRA)"]
[Date "2011.07.04"]
[Round "3.16"]
[White "Feryn, Benjamin"]
[Black "Dumenil, Jean-Francois"]
[Result "1-0"]
[WhiteElo "2032"]
[BlackElo "1670"]
[PlyCount "75"]
[EventDate "2011.??.??"]

1. e4 c6 2. d4 d5 3. Nc3 dxe4 4. Nxe4 Bf5 5. Ng3 Bg6 6. Nf3 Nd7 7. h4 h6 8. h5
Bh7 9. Bd3 Bxd3 10. Qxd3 Ngf6 11. Ne4 e6 12. Bd2 Nxe4 13. Qxe4 Be7 14. O-O-O
Qc7 15. Qg4 O-O-O 16. Qxg7 Bf6 17. Qxf7 Qd6 18. Rhe1 Rhe8 19. Bxh6 Qd5 20. Kb1
Re7 21. Qg6 a5 22. Rd3 Ree8 23. g4 Bh8 24. g5 a4 25. Qe4 Qb5 26. Ne5 Nxe5 27.
dxe5 Rxd3 28. Qxd3 Qa5 29. Rd1 Kb8 30. f4 Qb6 31. g6 Rg8 32. Qd4 Qxd4 33. Rxd4
Kc7 34. Rd6 Bg7 35. Bxg7 Rxg7 36. Rxe6 Kd7 37. Rd6+ Kc7 38. h6 1-0

[Event "10eme Open International de La Fere"]
[Site "La Fere (FRA)"]
[Date "2011.07.04"]
[Round "3.17"]
[White "Mataigne, Jean-Michel"]
[Black "Delias, Gerard"]
[Result "0-1"]
[WhiteElo "2017"]
[BlackElo "1580"]
[PlyCount "72"]
[EventDate "2011.??.??"]

1. e4 c5 2. c3 d5 3. exd5 Qxd5 4. d4 Nc6 5. Nf3 Nf6 6. Be2 e6 7. Na3 cxd4 8.
Nb5 Bd6 9. Nxd6+ Qxd6 10. cxd4 O-O 11. O-O Nb4 12. Bg5 Nbd5 13. Rc1 Bd7 14. Qb3
Ne4 15. Be3 Bc6 16. Ne5 Nxe3 17. fxe3 Nd2 18. Qc2 Nxf1 19. Rxf1 Rac8 20. Qd1
Bd5 21. Bd3 f6 22. Qh5 f5 23. g4 Be4 24. g5 Qe7 25. g6 h6 26. Bxe4 fxe4 27. Rf7
Qg5+ 28. Qxg5 hxg5 29. Rxb7 Rc2 30. Nf7 Re2 31. Nxg5 Rc8 32. Rxg7+ Kxg7 33.
Nxe6+ Kf6 34. Nc5 Kxg6 35. Kf1 Rxb2 36. a4 Rxh2 0-1

[Event "10eme Open International de La Fere"]
[Site "La Fere (FRA)"]
[Date "2011.07.04"]
[Round "3.18"]
[White "Bardoux, Thierry"]
[Black "De Brouwere, Johan"]
[Result "1-0"]
[WhiteElo "2154"]
[BlackElo "1768"]
[PlyCount "103"]
[EventDate "2011.??.??"]

1. d4 d5 2. Nf3 Nf6 3. e3 g6 4. c4 Bg7 5. Nc3 O-O 6. cxd5 Nxd5 7. Bc4 Nxc3 8.
bxc3 c5 9. O-O Nc6 10. Bb2 Bf5 11. Nd2 Qb6 12. Qb3 Qc7 13. Be2 Na5 14. Qd1 Rad8
15. Rc1 Bc8 16. Nb3 Nxb3 17. Qxb3 Be6 18. Bc4 Bxc4 19. Qxc4 Rc8 20. d5 Rfd8 21.
e4 Rd6 22. Qe2 c4 23. Rfd1 e6 24. Ba3 Ra6 25. d6 Qd7 26. Bb4 Be5 27. g3 Rac6
28. f4 Bg7 29. e5 b5 30. Ba5 Ra8 31. Qe4 Rac8 32. Rb1 a6 33. Qe3 Rb8 34. Rd2
Bf8 35. Rdb2 Rcc8 36. a4 Bxd6 37. exd6 Qxd6 38. axb5 axb5 39. Bb4 Qc6 40. Rd2
Rd8 41. Rbd1 Rxd2 42. Qxd2 Qb6+ 43. Qd4 h5 44. Qxb6 Rxb6 45. Kf2 Ra6 46. Rd2
Kg7 47. Ke3 Ra7 48. Rb2 Rd7 49. Bc5 Rd3+ 50. Ke2 Rd5 51. Rxb5 Kh7 52. Ra5 1-0

[Event "10eme Open International de La Fere"]
[Site "La Fere (FRA)"]
[Date "2011.07.04"]
[Round "3.19"]
[White "Dumas, Victor"]
[Black "Tonneau, Bastien"]
[Result "1-0"]
[WhiteElo "1929"]
[BlackElo "1370"]
[PlyCount "67"]
[EventDate "2011.??.??"]

1. e4 e5 2. f4 exf4 3. Bc4 Qh4+ 4. Kf1 Nf6 5. Nf3 Qh5 6. Nc3 Nxe4 7. Qe2 f5 8.
d3 Be7 9. dxe4 fxe4 10. Qxe4 Rf8 11. Nd5 Nc6 12. Nxc7+ Kd8 13. Nxa8 Qf5 14.
Qxf5 Rxf5 15. Bd2 b6 16. Bd3 Rf7 17. Be4 Bb7 18. Ne5 Rf6 19. Nxc6+ dxc6 20. Bc3
Rd6 21. Kf2 Bxa8 22. Rad1 Rxd1 23. Rxd1+ Ke8 24. Kf3 g5 25. Bxh7 c5+ 26. Be4
Bxe4+ 27. Kxe4 Kf7 28. Rd7 Ke8 29. Rxe7+ Kxe7 30. Kf5 a5 31. Kxg5 Kd6 32. h4
Kd5 33. h5 Ke4 34. h6 1-0

[Event "10eme Open International de La Fere"]
[Site "La Fere (FRA)"]
[Date "2011.07.04"]
[Round "3.20"]
[White "Podvin, Antoine"]
[Black "Heymann-Lobzhanidze, Anna-Luise"]
[Result "0-1"]
[WhiteElo "1377"]
[BlackElo "2025"]
[PlyCount "70"]
[EventDate "2011.??.??"]

1. d4 Nf6 2. c4 g6 3. Nc3 Bg7 4. Nf3 d6 5. e3 O-O 6. Bd3 a5 7. b3 c5 8. h3 Nc6
9. d5 Nxd5 10. Nxd5 Bxa1 11. O-O Nb4 12. Nxb4 axb4 13. Qc2 Bg7 14. Rd1 Bd7 15.
Bb2 Rxa2 16. Rb1 Rxb2 17. Rxb2 Bxb2 18. Qxb2 Qa5 19. Kh2 Ra8 20. Be4 Qa2 21.
Qb1 Qxb1 22. Bxb1 b5 23. Nd2 bxc4 24. Nxc4 Be6 25. Bd3 Ra2 26. Kg3 d5 27. Nb6
Rb2 28. Na4 Rxb3 29. Nxc5 Rc3 30. Nxe6 fxe6 31. Bb1 b3 32. Kf3 b2 33. g4 e5 34.
Ke2 Rc1 35. Bd3 e4 0-1

[Event "10eme Open International de La Fere"]
[Site "La Fere (FRA)"]
[Date "2011.07.04"]
[Round "3.21"]
[White "Loiret, Stanislas"]
[Black "Eeckhout, Jean-Louis"]
[Result "1-0"]
[WhiteElo "2267"]
[BlackElo "1696"]
[PlyCount "73"]
[EventDate "2011.??.??"]

1. e4 c5 2. Nf3 d6 3. d4 cxd4 4. Qxd4 Qc7 5. Nc3 e6 6. Bg5 a6 7. O-O-O Nd7 8.
g4 b5 9. Bg2 Bb7 10. Rhe1 Rc8 11. Rd2 Qc5 12. h3 e5 13. Qxc5 Nxc5 14. Nh2 h6
15. Be3 Nf6 16. Bxc5 Rxc5 17. f4 Be7 18. Kb1 O-O 19. a3 Bc6 20. Nd5 Bxd5 21.
exd5 Nd7 22. Nf3 Bd8 23. fxe5 dxe5 24. Nxe5 Re8 25. Nf3 Rxe1+ 26. Nxe1 Ne5 27.
Re2 Bf6 28. c3 Kf8 29. Nc2 a5 30. Nd4 Ng6 31. Nb3 Rc8 32. Nxa5 Nf4 33. Rf2 Nd3
34. Rd2 Nf4 35. Bf1 Rd8 36. d6 Be5 37. d7 1-0

[Event "10eme Open International de La Fere"]
[Site "La Fere (FRA)"]
[Date "2011.07.04"]
[Round "3.23"]
[White "Durot, Edwige"]
[Black "Waquet, Frederic"]
[Result "1/2-1/2"]
[WhiteElo "1693"]
[BlackElo "1967"]
[PlyCount "125"]
[EventDate "2011.??.??"]

1. e4 e6 2. d4 d5 3. Nd2 Nf6 4. e5 Nfd7 5. Bd3 c5 6. c3 b6 7. Ne2 Ba6 8. Bxa6
Nxa6 9. O-O b5 10. f4 g6 11. Nf3 h6 12. Be3 Nb6 13. Nd2 Rc8 14. Rc1 c4 15. Nb1
b4 16. Nd2 bxc3 17. bxc3 Ba3 18. Rb1 Qd7 19. Nf3 Nc7 20. Bc1 Be7 21. Ne1 Nb5
22. Nc2 Na4 23. Bd2 Na3 24. Nxa3 Bxa3 25. Bc1 Be7 26. Qc2 h5 27. Bd2 Kf8 28. g3
Kg7 29. Kg2 Rb8 30. Rxb8 Rxb8 31. Rb1 Rxb1 32. Qxb1 Nb6 33. Ng1 Qa4 34. Nf3 Qa5
35. Ng1 a6 36. Kf2 Ba3 37. Ne2 Na4 38. Qc2 Qb5 39. Bc1 Be7 40. Ke1 Nb6 41. Qb2
Qa5 42. Kd2 Na4 43. Qc2 Qb5 44. Ke1 a5 45. Kd2 Nb6 46. Qb2 Qc6 47. Ke3 a4 48.
Kd2 a3 49. Qb1 Bf8 50. Ke1 Nd7 51. Kd2 Qa6 52. Kd1 Nb6 53. Kd2 Nc8 54. Ng1 Ne7
55. Nf3 Nf5 56. Kd1 Qa5 57. Qc2 Qb6 58. Ke2 Be7 59. Kd1 Nh6 60. Ke2 Qd8 61. Qa4
Qf8 62. Ng5 Ng4 63. h3 1/2-1/2

[Event "10eme Open International de La Fere"]
[Site "La Fere (FRA)"]
[Date "2011.07.04"]
[Round "3.24"]
[White "Roux, Jean-Francois"]
[Black "Hutin, Evgueny"]
[Result "1/2-1/2"]
[WhiteElo "1682"]
[BlackElo "1923"]
[PlyCount "50"]
[EventDate "2011.??.??"]

1. d4 d5 2. c4 e6 3. Nc3 Be7 4. cxd5 exd5 5. Bf4 c6 6. e3 Bf5 7. Bd3 Bxd3 8.
Qxd3 Nf6 9. Nf3 Nbd7 10. O-O O-O 11. Rac1 Nh5 12. Rfe1 Nxf4 13. exf4 Bd6 14.
Ne5 f6 15. Nxd7 Qxd7 16. g3 Rfe8 17. Qf3 Bb4 18. Re3 g6 19. Rce1 Kf7 20. Kg2
Bxc3 21. bxc3 Qf5 22. Qe2 Qd7 23. Qf3 Qf5 24. Qe2 Qd7 25. Qf3 Qf5 1/2-1/2

[Event "10eme Open International de La Fere"]
[Site "La Fere (FRA)"]
[Date "2011.07.04"]
[Round "3.25"]
[White "Soveaux, Jean"]
[Black "Paris, Pierre-Julien"]
[Result "1-0"]
[WhiteElo "1893"]
[BlackElo "1650"]
[PlyCount "69"]
[EventDate "2011.??.??"]

1. d4 f5 2. c4 Nf6 3. Nc3 e6 4. Nf3 b6 5. e3 Bb7 6. a3 Be7 7. Bd3 O-O 8. O-O
Qe8 9. d5 Kh8 10. e4 fxe4 11. Nxe4 exd5 12. Nxf6 Bxf6 13. cxd5 Bxd5 14. Re1 Qd8
15. Bf1 Bb7 16. Rb1 d6 17. Nd4 Re8 18. Be3 c5 19. Nb5 d5 20. Bf4 Rxe1 21. Qxe1
Na6 22. Nd6 Qd7 23. Nxb7 Qxb7 24. Qe6 Nc7 25. Qf7 Rc8 26. Re1 Qc6 27. Bxc7 Bxb2
28. Ba6 Rg8 29. Bb7 Qa4 30. Bxd5 Rc8 31. Bd6 Rd8 32. Bf8 Rxd5 33. Qxd5 Qxa3 34.
Bxc5 Qa4 35. Qd8+ 1-0

[Event "10eme Open International de La Fere"]
[Site "La Fere (FRA)"]
[Date "2011.07.04"]
[Round "3.26"]
[White "Vandervorst, Marc"]
[Black "Caloone, Thomas"]
[Result "0-1"]
[WhiteElo "1882"]
[BlackElo "1640"]
[PlyCount "56"]
[EventDate "2011.??.??"]

1. e4 e6 2. d4 d5 3. Nc3 dxe4 4. Nxe4 Nd7 5. Nf3 Ngf6 6. Bg5 Be7 7. Nxf6+ Nxf6
8. Bd3 Bd7 9. O-O O-O 10. Ne5 h6 11. Bh4 Nd5 12. Bxe7 Qxe7 13. Nxd7 Qxd7 14. c3
Rad8 15. Qc2 Nf6 16. f4 c5 17. Qf2 cxd4 18. Rad1 Ng4 19. Qf3 Ne3 20. Bh7+ Kxh7
21. Rxd4 Qb5 22. Qxe3 Qb6 23. Kh1 Rxd4 24. cxd4 Qxb2 25. h3 b6 26. Rf2 Qb4 27.
f5 exf5 28. Rxf5 Qb1+ 0-1

[Event "10eme Open International de La Fere"]
[Site "La Fere (FRA)"]
[Date "2011.07.04"]
[Round "3.27"]
[White "Touret, Alex"]
[Black "Dupont, Victor"]
[Result "1-0"]
[WhiteElo "1843"]
[BlackElo "1609"]
[PlyCount "109"]
[EventDate "2011.??.??"]

1. e4 e5 2. Bc4 d6 3. d3 Nf6 4. Bg5 Be6 5. Nd2 Be7 6. Ne2 Nbd7 7. c3 O-O 8. O-O
c6 9. Bb3 Qb6 10. Be3 Qc7 11. f3 Bxb3 12. axb3 d5 13. d4 Bd6 14. dxe5 Nxe5 15.
Ng3 dxe4 16. Ngxe4 Nxe4 17. Nxe4 Rad8 18. Qc2 a6 19. Kh1 Rfe8 20. Bf4 f6 21. c4
Nf7 22. Nxd6 Nxd6 23. c5 Qf7 24. Bxd6 Re3 25. Ra3 Rde8 26. Qc4 Qxc4 27. bxc4
Re1 28. Ra1 R1e2 29. Rab1 R8e6 30. Bg3 Rc2 31. Rfc1 Rd2 32. Re1 Rxe1+ 33. Bxe1
Rc2 34. Bc3 Re2 35. h3 Kf7 36. Rd1 Re7 37. Kg1 Kg6 38. Kf2 Kf5 39. g3 g5 40.
Rd4 Kg6 41. Rd6 Rf7 42. f4 h5 43. Kf3 Kf5 44. g4+ hxg4+ 45. hxg4+ Kg6 46. f5+
Kg7 47. Re6 Rf8 48. Re7+ Rf7 49. Re6 Rf8 50. b4 Rf7 51. b5 axb5 52. cxb5 cxb5
53. Rb6 Rd7 54. Bxf6+ Kf7 55. Bxg5 1-0

[Event "10eme Open International de La Fere"]
[Site "La Fere (FRA)"]
[Date "2011.07.04"]
[Round "3.28"]
[White "Fauchart, Francois"]
[Black "Boudier, Eric"]
[Result "1-0"]
[WhiteElo "1642"]
[BlackElo "1840"]
[PlyCount "77"]
[EventDate "2011.??.??"]

1. d4 Nf6 2. Nf3 d5 3. Bf4 Bf5 4. h3 e6 5. Nbd2 c6 6. c3 Nbd7 7. e3 Qb6 8. Qc1
h6 9. Be2 c5 10. O-O g5 11. Bh2 g4 12. Ne5 gxh3 13. Nxd7 Nxd7 14. g4 Rg8 15. f3
Bd6 16. Bxd6 Qxd6 17. f4 Bxg4 18. Bxg4 Rxg4+ 19. Kh1 O-O-O 20. Rg1 Rdg8 21.
Rxg4 Rxg4 22. Qf1 Rg2 23. Rc1 Nf6 24. Qf3 Ng4 25. Rf1 h5 26. dxc5 Qxc5 27. Nb3
Qb6 28. f5 Qd6 29. Qf4 e5 30. Qa4 Qc6 31. Qb4 b6 32. Qf8+ Kc7 33. Qxf7+ Qd7 34.
Qxh5 Rxb2 35. Qxg4 Rxa2 36. Qxh3 Rb2 37. Nc1 d4 38. e4 dxc3 39. Qxc3+ 1-0

[Event "10eme Open International de La Fere"]
[Site "La Fere (FRA)"]
[Date "2011.07.04"]
[Round "3.29"]
[White "Vernadet, Cyril"]
[Black "Jean, Robert"]
[Result "1/2-1/2"]
[WhiteElo "1649"]
[BlackElo "1808"]
[PlyCount "87"]
[EventDate "2011.??.??"]

1. e4 c5 2. f4 d5 3. exd5 Qxd5 4. Nc3 Qd8 5. Bc4 e6 6. Nf3 Nf6 7. O-O Be7 8. d4
cxd4 9. Nxd4 O-O 10. Nce2 a6 11. c3 Qc7 12. Bd3 Rd8 13. Qc2 h6 14. h3 Nc6 15.
Nxc6 Qxc6 16. Be3 b5 17. Rad1 Bb7 18. Nd4 Qc7 19. Ne2 Rac8 20. Bd4 Qc6 21. Rf2
Bc5 22. Bxc5 Qxc5 23. Nd4 Nd5 24. Qd2 Nf6 25. Qe2 Qb6 26. Kh2 Bd5 27. a3 Rd7
28. Re1 Qd6 29. g3 Re8 30. Qe5 Qxe5 31. fxe5 Nh7 32. Bxh7+ Kxh7 33. Ref1 Kg8
34. Ra1 Rc8 35. g4 Rdc7 36. Re1 Rc5 37. Rd2 g6 38. Nc2 Kf8 39. Kg3 Ke7 40. Rd4
a5 41. h4 Bb3 42. Na1 Bd5 43. Nc2 Ke8 44. Kh3 1/2-1/2

[Event "10eme Open International de La Fere"]
[Site "La Fere (FRA)"]
[Date "2011.07.04"]
[Round "3.30"]
[White "Herman, Jose"]
[Black "Poulain, Andre"]
[Result "0-1"]
[WhiteElo "1609"]
[BlackElo "1804"]
[PlyCount "108"]
[EventDate "2011.??.??"]

1. d4 Nf6 2. c4 e5 3. Bg5 exd4 4. Qxd4 Be7 5. Nf3 Nc6 6. Qd1 d6 7. e3 Bg4 8.
Be2 O-O 9. O-O Re8 10. Nc3 h6 11. Bh4 Rb8 12. a3 Bxf3 13. Bxf3 Ne5 14. Be2 Ng6
15. Bg3 Bf8 16. Qc2 Qe7 17. Rfd1 Ne5 18. Bh4 Ng6 19. Bg3 a6 20. b4 Qe6 21. Rac1
Ne5 22. Nd5 Rbc8 23. Nf4 Qe7 24. Nd3 Neg4 25. Bf3 c6 26. h3 Ne5 27. Nxe5 dxe5
28. c5 e4 29. Be2 Qe6 30. Bd6 Be7 31. Bc4 Qf5 32. Qb3 Qg6 33. Rd2 Rcd8 34. Rcd1
Rd7 35. a4 Red8 36. b5 Bxd6 37. Rxd6 Rxd6 38. cxd6 axb5 39. axb5 c5 40. Bd5 b6
41. Bc6 Nd7 42. Qd5 Nf6 43. Qe5 Qh5 44. Qxh5 Nxh5 45. Bxe4 Kf8 46. Bc6 Nf6 47.
Ra1 Rxd6 48. Ra8+ Ke7 49. Ra6 c4 50. Rxb6 c3 51. Ra6 c2 52. b6 c1=Q+ 53. Kh2
Qxc6 54. Ra7+ Rd7 0-1

[Event "10eme Open International de La Fere"]
[Site "La Fere (FRA)"]
[Date "2011.07.04"]
[Round "3.31"]
[White "Louis, Andre"]
[Black "Benkirane, Nabil"]
[Result "1-0"]
[WhiteElo "1800"]
[BlackElo "1560"]
[PlyCount "83"]
[EventDate "2011.??.??"]

1. e4 e5 2. Nf3 Nc6 3. Bb5 a6 4. Bxc6 bxc6 5. Nxe5 Qe7 6. d4 Nf6 7. O-O g6 8.
Bg5 Qd8 9. Nxf7 Kxf7 10. e5 Be7 11. exf6 Bxf6 12. Qf3 Kg7 13. Bxf6+ Qxf6 14.
Qxf6+ Kxf6 15. Re1 Rb8 16. b3 d6 17. Nd2 Bf5 18. c3 Rhe8 19. Re3 Rxe3 20. fxe3
Re8 21. Re1 Bd3 22. e4 h6 23. Re3 Bc2 24. Kf2 g5 25. Rf3+ Kg6 26. Re3 h5 27.
Re1 Bd3 28. e5 dxe5 29. Rxe5 Rxe5 30. dxe5 a5 31. Ke3 Bf5 32. Kd4 Bd7 33. Nc4
a4 34. Ne3 axb3 35. axb3 g4 36. Ke4 h4 37. Kf4 Kh5 38. g3 Be6 39. b4 Bd7 40.
Nf5 hxg3 41. hxg3 Bc8 42. Nd4 1-0

[Event "10eme Open International de La Fere"]
[Site "La Fere (FRA)"]
[Date "2011.07.04"]
[Round "3.32"]
[White "Bouchard, Sebastien"]
[Black "Oprandi, William"]
[Result "1-0"]
[WhiteElo "1610"]
[BlackElo "1779"]
[PlyCount "77"]
[EventDate "2011.??.??"]

1. e4 c5 2. c3 Nf6 3. e5 Nd5 4. Bc4 Nb6 5. Bb3 Nc6 6. d4 cxd4 7. cxd4 d6 8. f4
Bf5 9. Nf3 e6 10. O-O dxe5 11. fxe5 Rc8 12. Be3 Be7 13. Nc3 O-O 14. Bc2 Bxc2
15. Qxc2 Nb4 16. Qe2 N4d5 17. Nxd5 Nxd5 18. Bf2 Qa5 19. Rfd1 Rc6 20. Be1 Qb6
21. a3 Rfc8 22. Rd2 Qb3 23. Rd3 Qb5 24. Rd2 Qb3 25. Rd3 Qb5 26. Rd2 Qa4 27. Qd1
Qxd1 28. Raxd1 Rc2 29. Rxc2 Rxc2 30. Rd2 Ne3 31. Rxc2 Nxc2 32. Bd2 Na1 33. Kf2
Nb3 34. Be3 a6 35. Ke2 Na5 36. Kd3 b5 37. Nd2 Kf8 38. b4 Nb7 39. Nb3 1-0

[Event "10eme Open International de La Fere"]
[Site "La Fere (FRA)"]
[Date "2011.07.04"]
[Round "3.33"]
[White "Dernoncourt, Christophe"]
[Black "Blondel, Francis"]
[Result "1/2-1/2"]
[WhiteElo "1772"]
[BlackElo "1541"]
[PlyCount "74"]
[EventDate "2011.??.??"]

1. d4 d5 2. c4 e6 3. Nc3 Nf6 4. Bg5 Be7 5. Nf3 O-O 6. e3 Nbd7 7. Qb3 c6 8. Bd3
Re8 9. Qc2 Nf8 10. Ne5 N6d7 11. Bf4 Nxe5 12. Bxe5 Bf6 13. Bg3 e5 14. dxe5 Bxe5
15. cxd5 cxd5 16. O-O-O d4 17. Bxe5 Rxe5 18. exd4 Qg5+ 19. Qd2 Qxd2+ 20. Rxd2
Rg5 21. f4 Rh5 22. g3 Bd7 23. Re1 Bc6 24. Re7 Rh6 25. Bc4 Rf6 26. d5 Ng6 27.
dxc6 Nxe7 28. c7 Nc6 29. Bb5 Re6 30. Rd7 Kf8 31. Nd5 Ree8 32. Rd6 Re6 33. Rxe6
fxe6 34. Bxc6 bxc6 35. Nb4 Ke7 36. Na6 Kd7 37. Nc5+ Kd6 1/2-1/2